Principles of Web design
The book allows users to create Web sites that enable individuals to easily and quickly access information, regardless of broser type, connection speed, or computing platform.
Bewaard in:
| Hoofdauteur: | |
|---|---|
| Formaat: | Boek |
| Taal: | Undetermined |
| Gepubliceerd in: |
Cambridge, Massachusetts
Course Technology
2001
|
| Onderwerpen: | |
| Tags: |
Voeg label toe
Geen labels, Wees de eerste die dit record labelt!
|
| Thư viện lưu trữ: | Trung tâm Học liệu Trường Đại học Cần Thơ |
|---|
| LEADER | 00717nam a2200205Ia 4500 | ||
|---|---|---|---|
| 001 | CTU_42252 | ||
| 008 | 210402s9999 xx 000 0 und d | ||
| 020 | |b 389.000đ | ||
| 082 | |a 005.7592 | ||
| 082 | |b S628 | ||
| 100 | |a Joel Sklar | ||
| 245 | 0 | |a Principles of Web design | |
| 245 | 0 | |c Joel Sklar | |
| 260 | |a Cambridge, Massachusetts | ||
| 260 | |b Course Technology | ||
| 260 | |c 2001 | ||
| 520 | |a The book allows users to create Web sites that enable individuals to easily and quickly access information, regardless of broser type, connection speed, or computing platform. | ||
| 650 | |a html ( document makup language ) | ||
| 904 | |i Minh, 010717 | ||
| 980 | |a Trung tâm Học liệu Trường Đại học Cần Thơ | ||